=LDR 00000nam 2200000 4500 =001 INLIS000000000018963 =005 20130612114059 =008 ***********************************Ind** =035 ##$$0010-061300000018963 =041 ##$$a Ind =082 ##$$a 657.420 76 =090 ##$$a 657.420 76, Kar a =100 ##$$a Kartadinata, Abas =245 ##$$a Akuntansi dan analisa biaya, suatu pendekatan tingkah laku biaya, oleh Drs. Abas Kardinata =260 ##$$a 1981 $b Jakarta =300 ##$$a vii, 35 hlm, 21 cm =650 ##$$a Akuntansi =850 ##$$a NBPNMAT